[Event "Woerishofen sen 2016"]
[Site "Bad Woerishofen"]
[Date "2016.03.05"]
[Round "9.25"]
[White "Di Lazzaro, Gabriele"]
[Black "Schnell, Franz"]
[Result "1-0"]
[WhiteElo "1970"]
[BlackElo "1762"]
[PlyCount "91"]
[EventDate "2016.02.26"]
[EventType "swiss"]
[EventCountry "GER"]
[BlackTeam "Trossingen SV"]
[BlackTeamCountry "GER"]

1. d4 d5 2. Nc3 Nf6 3. Bg5 c6 4. Nf3 Nbd7 5. e3 e6 6. Bd3 Be7 7. O-O h6 8. Bh4
O-O 9. e4 dxe4 10. Nxe4 Nxe4 11. Bxe7 Qxe7 12. Bxe4 Nf6 13. Bd3 b6 14. Ne5 Bb7
15. c3 Rad8 16. Qe2 c5 17. dxc5 Qxc5 18. Kh1 Rd6 19. Rad1 Rfd8 20. Nc4 Rd5 21.
Ne3 R5d6 22. Bb1 Be4 23. Rxd6 Rxd6 24. Nc4 Bxb1 25. Nxd6 Bxa2 26. Rd1 Bb3 27.
Rd2 a5 28. Ne4 Nxe4 29. Rd8+ Kh7 30. Qxe4+ f5 31. Qd4 Qb5 32. h3 Qf1+ 33. Kh2
Bd5 34. f3 Qb5 35. Rd6 Qe8 36. Rxb6 Qc8 37. Kh1 Qc7 38. Ra6 Qg3 39. Ra7 h5 40.
Qd2 h4 41. Rxa5 Bxf3 42. Kg1 Be4 43. Qf2 Qg5 44. Ra1 f4 45. Ra4 Bf5 46. Rxf4
1-0

[Event "Woerishofen sen 2016"]
[Site "Bad Woerishofen"]
[Date "2016.03.05"]
[Round "9.26"]
[White "Oud, Niek"]
[Black "Juenger, Leonhard"]
[Result "1-0"]
[WhiteElo "1952"]
[BlackElo "1807"]
[PlyCount "99"]
[EventDate "2016.02.26"]
[EventType "swiss"]
[EventCountry "GER"]
[WhiteTeam "NED"]
[BlackTeam "Aachener SV"]
[WhiteTeamCountry "NED"]
[BlackTeamCountry "GER"]

1. d4 Nf6 2. c4 g6 3. Nc3 Bg7 4. e4 d6 5. Nf3 O-O 6. Be2 Bg4 7. h3 Bxf3 8. Bxf3
e5 9. d5 Nbd7 10. Be3 a5 11. O-O Nc5 12. Re1 Re8 13. a3 b6 14. b4 Nb7 15. Qd2
Nd7 16. Bg5 Bf6 17. Be3 Nb8 18. Nb5 Nd7 19. Rec1 Be7 20. Be2 Nf6 21. Bd3 Bf8
22. Rf1 Bg7 23. Bg5 Qd7 24. Qe2 h6 25. Be3 h5 26. Rfc1 Qe7 27. Bg5 Qd7 28. Nc3
Nh7 29. Be3 Qe7 30. f3 Bf6 31. Bc2 Rab8 32. Ba4 Rf8 33. Rab1 Bg5 34. Bc6 axb4
35. axb4 Bxe3+ 36. Qxe3 f5 37. Qh6 Qf7 38. exf5 gxf5 39. Ra1 Nd8 40. Bb5 Nb7
41. Ra7 Kh8 42. Bc6 Nd8 43. Nb5 Nxc6 44. dxc6 Qf6 45. Qxf6+ Nxf6 46. Rxc7 d5
47. cxd5 Nxd5 48. Rd7 Nxb4 49. c7 Rbc8 50. Nd6 1-0

[Event "Woerishofen sen 2016"]
[Site "Bad Woerishofen"]
[Date "2016.03.05"]
[Round "9.27"]
[White "Gailis, Gunnar"]
[Black "Reimann, Guenther"]
[Result "1/2-1/2"]
[WhiteElo "1753"]
[BlackElo "1941"]
[PlyCount "64"]
[EventDate "2016.02.26"]
[EventType "swiss"]
[EventCountry "GER"]
[WhiteTeam "Hilden SV"]
[BlackTeam "Magstadt SC"]
[WhiteTeamCountry "GER"]
[BlackTeamCountry "GER"]

1. d4 e6 2. c4 f5 3. g3 Nf6 4. Bg2 c6 5. Nf3 Be7 6. Nc3 d6 7. O-O O-O 8. Re1 d5
9. cxd5 exd5 10. Qb3 Kh8 11. a3 Qe8 12. Ne5 Qh5 13. Bf3 Qe8 14. Bg2 Nbd7 15.
Nxd7 Qxd7 16. Bg5 Ng4 17. Bxe7 Qxe7 18. h3 Nf6 19. Rac1 Rb8 20. e3 Bd7 21. Na2
Qf7 22. Nb4 Qh5 23. Qd1 Qh6 24. h4 Rbe8 25. Nd3 Bc8 26. Ne5 Ng4 27. f4 Nxe5 28.
dxe5 Qg6 29. Kf2 Re6 30. Bf3 Qf7 31. Qd4 a6 32. b4 Qe7 1/2-1/2

[Event "Woerishofen sen 2016"]
[Site "Bad Woerishofen"]
[Date "2016.03.05"]
[Round "9.28"]
[White "Hansch, Klaus Michael"]
[Black "Braun, Erhard"]
[Result "0-1"]
[WhiteElo "1850"]
[BlackElo "1932"]
[PlyCount "78"]
[EventDate "2016.02.26"]
[EventType "swiss"]
[EventCountry "GER"]
[WhiteTeam "Berlin SC WD"]
[BlackTeam "Heusweiler SC"]
[WhiteTeamCountry "GER"]
[BlackTeamCountry "GER"]

1. d4 Nf6 2. Nc3 e6 3. Bg5 Be7 4. e4 h6 5. Bf4 d5 6. exd5 Nxd5 7. Nxd5 exd5 8.
Nf3 O-O 9. Be2 Bf5 10. O-O Nd7 11. c3 Re8 12. Re1 Nf6 13. h3 a6 14. Qb3 Qc8 15.
Ne5 Bd6 16. Bf3 c6 17. c4 dxc4 18. Qxc4 Be6 19. Qc1 Bd5 20. Bxd5 Nxd5 21. Bh2
Qc7 22. Nf3 Bxh2+ 23. Nxh2 Rad8 24. Nf3 Nf4 25. Qd2 Ne6 26. Qc3 Rd5 27. Re5
Red8 28. Rxd5 Rxd5 29. Re1 Qf4 30. Qe3 Qf6 31. Qb3 Nxd4 32. Nxd4 Rxd4 33. Qxb7
Rd2 34. Rf1 Rxb2 35. Qxa6 Qe6 36. a4 Qd5 37. a5 Ra2 38. Qc8+ Kh7 39. a6 Qc5 0-1

[Event "Woerishofen sen 2016"]
[Site "Bad Woerishofen"]
[Date "2016.03.05"]
[Round "9.29"]
[White "Dallmeier, Gerhard"]
[Black "Bachmann, Rolf"]
[Result "0-1"]
[WhiteElo "1841"]
[BlackElo "1993"]
[PlyCount "58"]
[EventDate "2016.02.26"]
[EventType "swiss"]
[EventCountry "GER"]
[WhiteTeam "Weissenfels Roland"]
[BlackTeam "Hamm SV"]
[WhiteTeamCountry "GER"]
[BlackTeamCountry "GER"]

1. e4 c5 2. Nf3 Nc6 3. d4 cxd4 4. Nxd4 d6 5. Nc3 Nf6 6. Be3 g6 7. f3 Bg7 8. Bc4
O-O 9. Qd2 Re8 10. h4 h5 11. g4 hxg4 12. h5 Nxh5 13. Nxc6 bxc6 14. Bh6 Qa5 15.
Bd5 Bxc3 16. bxc3 cxd5 17. Rxh5 f6 18. Rxd5 Qa3 19. Rd3 gxf3 20. Rxf3 Be6 21.
Rg3 Kf7 22. Qc1 Qxc1+ 23. Bxc1 Rh8 24. Kd2 Bc4 25. a4 Rh2+ 26. Kd1 Rah8 27. Re3
Rh1+ 28. Re1 Rxe1+ 29. Kxe1 Rh4 0-1

[Event "Woerishofen sen 2016"]
[Site "Bad Woerishofen"]
[Date "2016.03.05"]
[Round "9.30"]
[White "Engbrecht, Helmut"]
[Black "Blutharsch, Walter"]
[Result "1-0"]
[WhiteElo "1980"]
[BlackElo "1854"]
[PlyCount "99"]
[EventDate "2016.02.26"]
[EventType "swiss"]
[EventCountry "GER"]
[WhiteTeam "Schorndorf SV"]
[BlackTeam "Sindelfingen VfL"]
[WhiteTeamCountry "GER"]
[BlackTeamCountry "GER"]

1. e4 e5 2. Nc3 Nc6 3. Nf3 d6 4. Bb5 Bd7 5. Bxc6 bxc6 6. d4 exd4 7. Nxd4 Be7 8.
O-O Bf6 9. Be3 Ne7 10. Qd2 Ng6 11. f4 O-O 12. h3 Re8 13. Rae1 c5 14. Nf5 Rb8
15. b3 Qc8 16. g4 Bc6 17. Bf2 Rb4 18. a3 Rb8 19. Nd5 Bxd5 20. exd5 Qb7 21. h4
Ne7 22. Nxe7+ Bxe7 23. Re2 Qc8 24. f5 Bf6 25. Rfe1 Qd7 26. Rxe8+ Rxe8 27. Rxe8+
Qxe8 28. Qe1 Qxe1+ 29. Bxe1 Kf8 30. Kf1 Ke8 31. Ke2 Kd7 32. Kd3 c6 33. Kc4 Bd8
34. c3 a5 35. b4 cxb4 36. cxb4 axb4 37. axb4 Be7 38. dxc6+ Kxc6 39. b5+ Kb6 40.
Bf2+ Kb7 41. Kd5 Kc7 42. h5 Kb7 43. Bd4 Bf8 44. g5 Kc7 45. g6 hxg6 46. hxg6 Kd7
47. b6 Kc8 48. Kc6 Kb8 49. b7 f6 50. Bb6 1-0

[Event "Woerishofen sen 2016"]
[Site "Bad Woerishofen"]
[Date "2016.03.05"]
[Round "9.31"]
[White "Thielemann, Joachim"]
[Black "Winter, Bernd"]
[Result "1/2-1/2"]
[WhiteElo "1811"]
[BlackElo "1922"]
[PlyCount "117"]
[EventDate "2016.02.26"]
[EventType "swiss"]
[EventCountry "GER"]
[WhiteTeam "Eutin SV"]
[BlackTeam "Muenchen SK Siemens"]
[WhiteTeamCountry "GER"]
[BlackTeamCountry "GER"]

1. e4 c5 2. Nc3 Nc6 3. g3 g6 4. Bg2 Bg7 5. Nge2 e6 6. d3 Nge7 7. Be3 d6 8. f4
a6 9. a3 Rb8 10. O-O O-O 11. Qd2 Qc7 12. g4 Nd4 13. Ng3 f5 14. h3 Bd7 15. Rab1
b5 16. g5 Bc6 17. Nce2 e5 18. c3 Nxe2+ 19. Qxe2 fxe4 20. dxe4 exf4 21. Bxf4 Be5
22. Qe3 Bxf4 23. Rxf4 Rxf4 24. Qxf4 Rf8 25. Qe3 Bb7 26. Re1 Nc6 27. Rf1 Rxf1+
28. Bxf1 Ne5 29. Bg2 Qf7 30. Kh2 Bc8 31. Qd2 Nc4 32. Qc1 Qf2 33. b3 Nd2 34. Qd1
Be6 35. b4 c4 36. a4 Kf7 37. axb5 axb5 38. Qe2 Qf4 39. Kh1 Ke7 40. Nf1 Nxf1 41.
Qxf1 Qxg5 42. Qg1 Qe5 43. Qa7+ Bd7 44. Qe3 g5 45. Qd2 h6 46. Kg1 Qg3 47. Qd5
Qe5 48. Qxe5+ dxe5 49. Kf2 Kf6 50. Kg3 Kg6 51. Bf3 Bc6 52. h4 h5 53. Bg2 Bd7
54. Bf3 Be6 55. Be2 Bd7 56. Bf3 Bc6 57. Bg2 g4 58. Kf2 Bd7 59. Ke3 1/2-1/2

[Event "Woerishofen sen 2016"]
[Site "Bad Woerishofen"]
[Date "2016.03.05"]
[Round "9.32"]
[White "Flockerzi, Armin"]
[Black "Zerweck, Christoph"]
[Result "1-0"]
[WhiteElo "1806"]
[BlackElo "1890"]
[PlyCount "73"]
[EventDate "2016.02.26"]
[EventType "swiss"]
[EventCountry "GER"]
[WhiteTeam "Koblenz VfR SC"]
[BlackTeam "Herrenberg SV"]
[WhiteTeamCountry "GER"]
[BlackTeamCountry "GER"]

1. d4 d5 2. Nf3 c6 3. g3 Bf5 4. Bg2 e6 5. Nbd2 Nf6 6. b3 Nbd7 7. Bb2 Bd6 8. O-O
h6 9. Re1 O-O 10. Nh4 Bh7 11. e4 dxe4 12. Nxe4 Nxe4 13. Bxe4 Bxe4 14. Rxe4 Nf6
15. Re2 Qc7 16. Qd3 Rad8 17. Qf3 Rfe8 18. Rae1 Rd7 19. c4 Rde7 20. c5 Bxg3 21.
hxg3 Nd5 22. Ng2 Qa5 23. a3 Rd7 24. Ne3 Nf6 25. Nc4 Qc7 26. Ne5 Rdd8 27. Ng4
Nd5 28. Kg2 Qd7 29. Rh1 Qc7 30. Ne5 Qe7 31. Bc1 Qc7 32. Bxh6 gxh6 33. Rxh6 f5
34. Rg6+ Kf8 35. Qh5 Qa5 36. Qh8+ Ke7 37. Qg7# 1-0

[Event "Woerishofen sen 2016"]
[Site "Bad Woerishofen"]
[Date "2016.03.05"]
[Round "9.33"]
[White "Kurpiela, Franz"]
[Black "Boldt, Heinrich"]
[Result "0-1"]
[WhiteElo "1722"]
[BlackElo "1862"]
[PlyCount "162"]
[EventDate "2016.02.26"]
[EventType "swiss"]
[EventCountry "GER"]
[WhiteTeam "Oehringen TSG"]
[BlackTeam "Kareth Lappersdorf TSV"]
[WhiteTeamCountry "GER"]
[BlackTeamCountry "GER"]

1. e4 g6 2. Nf3 d6 3. h3 Bg7 4. d4 Nf6 5. Bd3 Nbd7 6. Bg5 O-O 7. O-O a6 8. Re1
e5 9. c3 c5 10. Nbd2 b5 11. b3 h6 12. Bh4 Qb6 13. a4 Bb7 14. a5 Qc7 15. Bg3 Nh5
16. Bh2 Rae8 17. Be2 Nf4 18. d5 Nxe2+ 19. Qxe2 Nf6 20. g4 Bc8 21. Nh4 Qe7 22.
Bg3 Nh7 23. Qe3 Qg5 24. Ndf3 Qxe3 25. Rxe3 Bf6 26. Kh2 Ng5 27. Nxg5 Bxg5 28.
Re2 Kh7 29. Ng2 f5 30. exf5 gxf5 31. f3 fxg4 32. fxg4 Rf3 33. Rc2 Ref8 34. Raa2
Kg7 35. Ne1 Re3 36. Ng2 Rd3 37. Ne1 Rxd5 38. c4 bxc4 39. bxc4 Rd1 40. Rab2 Bf4
41. Ng2 Bxg3+ 42. Kxg3 Rd3+ 43. Kh2 Rff3 44. Ne1 Rxh3+ 45. Kg2 Rdg3+ 46. Kf2
Rxg4 47. Rb8 Bd7 48. Rb7 Rh2+ 49. Ke3 Rg3+ 50. Ke4 Rg4+ 51. Kf3 Rf4+ 52. Kg3
Rxc2 53. Nxc2 Rf8 54. Rb6 Be6 55. Ne3 Bc8 56. Rxd6 Bb7 57. Ng4 e4 58. Kh4 Bc8
59. Nxh6 Rf6 60. Rxf6 Kxf6 61. Kg3 Ke5 62. Nf7+ Kd4 63. Kf2 Be6 64. Nd6 Bxc4
65. Nf5+ Kc3 66. Ke3 Bd3 67. Nd6 Kb4 68. Nb7 c4 69. Nd8 Kxa5 70. Kd2 Kb4 71.
Nc6+ Kb3 72. Kc1 e3 73. Nd4+ Kc3 74. Nf3 a5 75. Ne1 a4 76. Nc2 Kb3 77. Nd4+ Kb4
78. Nc6+ Kc5 79. Ne5 a3 80. Nd7+ Kd6 81. Nf6 a2 0-1

[Event "Woerishofen sen 2016"]
[Site "Bad Woerishofen"]
[Date "2016.03.05"]
[Round "9.35"]
[White "Mircoli, Filippo"]
[Black "Zschorsch, Peter"]
[Result "0-1"]
[WhiteElo "1611"]
[BlackElo "1941"]
[PlyCount "124"]
[EventDate "2016.02.26"]
[EventType "swiss"]
[EventCountry "GER"]
[WhiteTeam "ITA"]
[BlackTeam "Karlsruher SF"]
[WhiteTeamCountry "ITA"]
[BlackTeamCountry "GER"]

1. d4 Nf6 2. Nf3 g6 3. c4 b5 4. cxb5 a6 5. e3 axb5 6. Bxb5 c6 7. Be2 Bg7 8. O-O
O-O 9. Nc3 Ba6 10. e4 d6 11. Bg5 Nfd7 12. Qd2 Re8 13. a3 Bxe2 14. Nxe2 Qb6 15.
Bh6 Na6 16. Bxg7 Kxg7 17. b4 Ra7 18. Qc3 Kg8 19. Ng5 h6 20. Nf3 Rea8 21. Rfc1
Nf6 22. e5 Nd5 23. Qxc6 Qxc6 24. Rxc6 Naxb4 25. Rcc1 Rxa3 26. Rxa3 Rxa3 27. h3
Ra2 28. Nc3 Nxc3 29. Rxc3 Ra1+ 30. Kh2 Nd5 31. Rc8+ Kg7 32. Rd8 Ra6 33. Nd2 Nf4
34. exd6 exd6 35. Rd7 Kf6 36. Nf3 Ke6 37. Rd8 Ra2 38. Rh8 Nd3 39. Rxh6 Rxf2 40.
Rh7 Ke7 41. Kg3 Kf8 42. Rh8+ Ke7 43. Rh7 Rf1 44. Rh4 Kf6 45. Re4 Rd1 46. h4 Kg7
47. Re7 Kf6 48. Re4 Rf1 49. Re8 Nb4 50. Re4 Nd5 51. Re8 Ne7 52. Ra8 Nf5+ 53.
Kh2 Rd1 54. Ra4 Rd3 55. Kg1 Re3 56. Kf2 Re4 57. g4 Rxg4 58. Ra6 Re4 59. Ra7 Rf4
60. Kg2 Nxh4+ 61. Kg3 Rxf3+ 62. Kxh4 g5+ 0-1

[Event "Woerishofen sen 2016"]
[Site "Bad Woerishofen"]
[Date "2016.03.05"]
[Round "9.36"]
[White "Oppermann, Peter"]
[Black "Aust, Werner"]
[Result "1-0"]
[WhiteElo "1933"]
[BlackElo "1786"]
[PlyCount "73"]
[EventDate "2016.02.26"]
[EventType "swiss"]
[EventCountry "GER"]
[WhiteTeam "Harzburg Bad SK"]
[BlackTeam "Eichlinghofen SV"]
[WhiteTeamCountry "GER"]
[BlackTeamCountry "GER"]

1. d4 Nf6 2. Nf3 d5 3. e3 b6 4. Bd3 Bb7 5. Nbd2 e6 6. b3 Nbd7 7. Bb2 c5 8. O-O
Be7 9. Ne5 O-O 10. f4 a6 11. Qf3 Qc8 12. Qh3 g6 13. g4 Nxe5 14. fxe5 Ne4 15.
Bxe4 dxe4 16. c4 Bg5 17. Qg3 Qd8 18. Rad1 Bh4 19. Qg2 Qg5 20. Rf4 f5 21. gxf5
Qxg2+ 22. Kxg2 Bg5 23. fxe6 Bxf4 24. exf4 e3+ 25. Nf3 Rxf4 26. d5 Raf8 27. e7
Re8 28. Kg3 Rxf3+ 29. Kxf3 Rxe7 30. Kxe3 Kf7 31. Rf1+ Ke8 32. e6 Bc8 33. Bf6
Ra7 34. Be5 Bxe6 35. dxe6 Re7 36. Rf6 Rg7 37. Bd6 1-0

[Event "Woerishofen sen 2016"]
[Site "Bad Woerishofen"]
[Date "2016.03.05"]
[Round "9.37"]
[White "Neumann, Erwin"]
[Black "Auterhoff, Juergen"]
[Result "1/2-1/2"]
[WhiteElo "1870"]
[BlackElo "1763"]
[PlyCount "35"]
[EventDate "2016.02.26"]
[EventType "swiss"]
[EventCountry "GER"]
[WhiteTeam "Schwaebisch Hall SK"]
[BlackTeam "Pasing SC"]
[WhiteTeamCountry "GER"]
[BlackTeamCountry "GER"]

1. e4 e5 2. Nf3 Nf6 3. Nc3 Bb4 4. Bc4 O-O 5. d3 d6 6. O-O Bg4 7. h3 Bh5 8. g4
Bg6 9. Ne2 Nc6 10. c3 Ba5 11. a4 Bb6 12. b4 a5 13. b5 Ne7 14. Bg5 Nd7 15. Qd2
Nc5 16. Nh4 Qd7 17. Nxg6 Nxg6 18. Kh2 1/2-1/2

[Event "Woerishofen sen 2016"]
[Site "Bad Woerishofen"]
[Date "2016.03.05"]
[Round "9.38"]
[White "Winter, Reinhold"]
[Black "Blosze, Winfried"]
[Result "1-0"]
[WhiteElo "1748"]
[BlackElo "1846"]
[PlyCount "117"]
[EventDate "2016.02.26"]
[EventType "swiss"]
[EventCountry "GER"]
[WhiteTeam "Neuenkirchen SF"]
[BlackTeam "Grossauheim SV"]
[WhiteTeamCountry "GER"]
[BlackTeamCountry "GER"]

1. c4 Nf6 2. d4 g6 3. Nc3 d5 4. cxd5 Nxd5 5. g3 Bg7 6. Bg2 Nxc3 7. bxc3 O-O 8.
e3 c5 9. Ne2 Nc6 10. O-O cxd4 11. cxd4 Qa5 12. Bd2 Qd8 13. a4 Bd7 14. Rb1 Rb8
15. Nf4 e5 16. dxe5 Bxe5 17. Nd3 Bg7 18. Nc5 b6 19. Nxd7 Qxd7 20. Qe2 Ne5 21.
Rb4 Qd3 22. Qxd3 Nxd3 23. Rb3 Nc5 24. Ra3 Rfd8 25. Bb4 Bf8 26. Ra2 a5 27. Bc3
Ne6 28. Rb1 Bc5 29. Bf6 Rd3 30. Bf1 Ra3 31. Rxa3 Bxa3 32. Be5 Re8 33. Bb5 Rd8
34. Bf6 Rf8 35. Rd1 h6 36. h4 Bc5 37. Kg2 Nc7 38. Bc4 Ne6 39. Rd7 Ng7 40. Be7
Bxe7 41. Rxe7 Ne8 42. Bb3 Nd6 43. Rd7 Nc8 44. f4 Kg7 45. Rb7 Kf6 46. Kf3 h5 47.
e4 Kg7 48. e5 Kg8 49. g4 hxg4+ 50. Kxg4 Kg7 51. Kg5 Kg8 52. h5 gxh5 53. Kxh5
Kg7 54. Kg5 Kh8 55. Bxf7 Kg7 56. Bg6+ Kg8 57. f5 Rd8 58. e6 Rd5 59. Rb8 1-0

[Event "Woerishofen sen 2016"]
[Site "Bad Woerishofen"]
[Date "2016.03.05"]
[Round "9.39"]
[White "Aufmwasser, Guenter"]
[Black "Rueggeberg, Wilhelm"]
[Result "1/2-1/2"]
[WhiteElo "1701"]
[BlackElo "1843"]
[PlyCount "53"]
[EventDate "2016.02.26"]
[EventType "swiss"]
[EventCountry "GER"]
[WhiteTeam "Hilden SV"]
[BlackTeam "Saarburg Trier SF"]
[WhiteTeamCountry "GER"]
[BlackTeamCountry "GER"]

1. f4 Nc6 2. Nf3 f6 3. e3 d5 4. d4 Nh6 5. Bd3 Bg4 6. Bb5 Qd6 7. O-O O-O-O 8.
Bxc6 Qxc6 9. Qd2 e6 10. Qc3 Qb6 11. Qb3 Rd6 12. Qxb6 Rxb6 13. c3 Nf5 14. b4 Be7
15. h3 Bxf3 16. Rxf3 h5 17. a4 h4 18. a5 Rd6 19. Ba3 Ng3 20. Rf2 Ne4 21. Rc2
Rd7 22. Nd2 Nd6 23. Rb1 Nb5 24. Bc1 Bd6 25. c4 dxc4 26. Nxc4 a6 27. Nb6+
1/2-1/2

[Event "Woerishofen sen 2016"]
[Site "Bad Woerishofen"]
[Date "2016.03.05"]
[Round "9.41"]
[White "Kumeth, Hartmut"]
[Black "Albrecht, Franz"]
[Result "1/2-1/2"]
[WhiteElo "1833"]
[BlackElo "1600"]
[PlyCount "57"]
[EventDate "2016.02.26"]
[EventType "swiss"]
[EventCountry "GER"]
[WhiteTeam "Oldenburg SK"]
[BlackTeam "Starnberg SC"]
[WhiteTeamCountry "GER"]
[BlackTeamCountry "GER"]

1. d4 d5 2. e4 e6 3. Nd2 c5 4. Ngf3 Nc6 5. c3 Bd7 6. exd5 exd5 7. dxc5 Bxc5 8.
Nb3 Qe7+ 9. Qe2 Qxe2+ 10. Bxe2 Be7 11. Be3 Nf6 12. Rd1 Be6 13. Bb5 a6 14. Bxc6+
bxc6 15. Nfd4 Bd7 16. O-O O-O 17. Bg5 h6 18. Bxf6 Bxf6 19. Nc5 Be8 20. Rfe1 a5
21. Re3 a4 22. Nf5 Ra5 23. Nb7 Rb5 24. Nbd6 Rb8 25. Ne7+ Kh7 26. Nef5 Bd7 27.
Re2 Bxf5 28. Nxf5 Rfe8 29. Rde1 1/2-1/2

[Event "Woerishofen sen 2016"]
[Site "Bad Woerishofen"]
[Date "2016.03.05"]
[Round "9.42"]
[White "Mahrla, Hans"]
[Black "Erdmann, Wolfgang"]
[Result "1/2-1/2"]
[WhiteElo "1820"]
[BlackElo "1729"]
[PlyCount "35"]
[EventDate "2016.02.26"]
[EventType "swiss"]
[EventCountry "GER"]
[WhiteTeam "Eichenau SC"]
[BlackTeam "Altstadt SC Roter Turm"]
[WhiteTeamCountry "GER"]
[BlackTeamCountry "GER"]

1. e4 d6 2. d4 Nf6 3. Bd3 g6 4. f4 Bg4 5. Nf3 Bg7 6. c3 Nbd7 7. e5 Nd5 8. O-O
e6 9. Qe1 Bxf3 10. Rxf3 Qe7 11. Nd2 c5 12. Ne4 dxe5 13. fxe5 O-O 14. Qg3 cxd4
15. cxd4 f6 16. exf6 N7xf6 17. Nxf6+ Rxf6 18. Bf4 1/2-1/2

[Event "Woerishofen sen 2016"]
[Site "Bad Woerishofen"]
[Date "2016.03.05"]
[Round "9.43"]
[White "Fuchs, Joachim"]
[Black "Eigenmann, Christina"]
[Result "1-0"]
[WhiteElo "1884"]
[BlackElo "1759"]
[PlyCount "121"]
[EventDate "2016.02.26"]
[EventType "swiss"]
[EventCountry "GER"]
[WhiteTeam "Starnberg SC"]
[BlackTeam "SUI"]
[WhiteTeamCountry "GER"]
[BlackTeamCountry "SUI"]

1. d4 d5 2. c4 Nf6 3. Nc3 e6 4. Bg5 c6 5. e3 Be7 6. Nf3 Qa5 7. Bxf6 Bxf6 8. Qa4
Qxa4 9. Nxa4 dxc4 10. Nc3 b5 11. Ne4 Be7 12. Be2 Nd7 13. O-O Bb7 14. Ned2 O-O
15. Rfc1 Bf6 16. b3 cxb3 17. axb3 a6 18. Ne4 Be7 19. Nc5 Nxc5 20. dxc5 b4 21.
Nd4 Bf6 22. Ra4 Bxd4 23. exd4 a5 24. Rca1 Rfd8 25. Rxa5 Rxa5 26. Rxa5 Ra8 27.
Rxa8+ Bxa8 28. Ba6 Kf8 29. Kf1 Ke7 30. Ke2 e5 31. Kd3 Ke6 32. Kc4 exd4 33. Kxd4
g5 34. Bc8+ Kf6 35. Ke4 h6 36. h3 Ke7 37. Kf5 Kd8 38. Ba6 Ke7 39. Ke5 f6+ 40.
Kf5 Kf7 41. g4 Kg7 42. Ke6 Kg6 43. Ke7 f5 44. Bd3 Bb7 45. Bxf5+ Kg7 46. Bd7 h5
47. Kd6 hxg4 48. hxg4 Kf6 49. Be8 Bc8 50. Bd7 Bxd7 51. Kxd7 Ke5 52. Kxc6 Kd4
53. Kd6 Kc3 54. c6 Kxb3 55. c7 Ka2 56. c8=Q b3 57. Qc4 Ka3 58. Qa6+ Kb4 59. Ke6
b2 60. Qb6+ Kc3 61. Kf6 1-0

[Event "Woerishofen sen 2016"]
[Site "Bad Woerishofen"]
[Date "2016.03.05"]
[Round "9.44"]
[White "Koch, Dieter"]
[Black "Zwetz, Anita"]
[Result "0-1"]
[WhiteElo "1747"]
[BlackElo "1864"]
[PlyCount "82"]
[EventDate "2016.02.26"]
[EventType "swiss"]
[EventCountry "GER"]
[WhiteTeam "-"]
[BlackTeam "Kareth Lappersdorf TSV"]
[BlackTeamCountry "GER"]

1. d4 d5 2. e3 c6 3. Bd3 Nf6 4. f4 Bg4 5. Nf3 e6 6. Nbd2 Be7 7. O-O h5 8. Qe1
Nbd7 9. Ng5 h4 10. h3 Bf5 11. Qe2 Nh5 12. e4 Ng3 13. Qf3 dxe4 14. Ndxe4 Nxf1
15. Qxf1 Nb6 16. c3 Nd5 17. a4 Qc7 18. c4 Nb4 19. Bd2 Nxd3 20. Qxd3 f6 21. Nf3
a5 22. Kh1 Rd8 23. Qe2 Bxe4 24. Qxe4 Kf7 25. Re1 Qd7 26. Rf1 Kg8 27. Re1 Kf7
28. Rf1 Rh5 29. Ng5+ fxg5 30. fxg5+ Kg8 31. Qg6 Qe8 32. Qxe6+ Kh8 33. Rf7 Bxg5
34. Qf5 Bxd2 35. Qxh5+ Kg8 36. Qxh4 Kxf7 37. Qf2+ Kg8 38. Qxd2 b6 39. d5 cxd5
40. cxd5 Qxa4 41. d6 Qc6 0-1

[Event "Woerishofen sen 2016"]
[Site "Bad Woerishofen"]
[Date "2016.03.05"]
[Round "9.45"]
[White "Alefs, Heinz"]
[Black "Lubberich, Alfred"]
[Result "1/2-1/2"]
[WhiteElo "2016"]
[BlackElo "1848"]
[PlyCount "50"]
[EventDate "2016.02.26"]
[EventType "swiss"]
[EventCountry "GER"]
[WhiteTeam "Eichenau SC"]
[BlackTeam "Nettetal SG"]
[WhiteTeamCountry "GER"]
[BlackTeamCountry "GER"]

1. c4 e6 2. g3 Nf6 3. Bg2 d5 4. cxd5 exd5 5. d4 Bd6 6. Nc3 c6 7. Nf3 O-O 8. O-O
Re8 9. Bg5 h6 10. Bxf6 Qxf6 11. e3 Bf5 12. Nh4 Nd7 13. Qf3 Be4 14. Nxe4 Qxf3
15. Nxf3 dxe4 16. Nd2 Nf6 17. a3 Rad8 18. b4 Re7 19. Rfc1 Rde8 20. Nb3 Nd7 21.
Bh3 g6 22. Bxd7 Rxd7 23. Na5 f5 24. Rc2 Kf7 25. Kg2 a6 1/2-1/2

[Event "Woerishofen sen 2016"]
[Site "Bad Woerishofen"]
[Date "2016.03.05"]
[Round "9.46"]
[White "Felger, Karl"]
[Black "Birkestrand, Odd"]
[Result "1-0"]
[WhiteElo "1813"]
[BlackElo "1746"]
[PlyCount "95"]
[EventDate "2016.02.26"]
[EventType "swiss"]
[EventCountry "GER"]
[WhiteTeam "Schorndorf Schachmatt"]
[BlackTeam "NOR"]
[WhiteTeamCountry "GER"]
[BlackTeamCountry "NOR"]

1. d4 Nf6 2. f4 d5 3. Nf3 g6 4. g3 Bg7 5. Bg2 O-O 6. O-O Bf5 7. Nc3 Nbd7 8. Ne5
c6 9. Re1 Nxe5 10. fxe5 Ne4 11. g4 Nxc3 12. bxc3 Bxg4 13. Ba3 Re8 14. Qd2 Qd7
15. e4 Be6 16. Qe3 Rac8 17. Rad1 b5 18. Bc5 a6 19. Rd2 h5 20. Rf2 Kh7 21. Ref1
Rf8 22. Qg5 Rce8 23. Qg3 Bh6 24. h4 Kg7 25. Kh2 Kh7 26. a4 Ra8 27. a5 Rg8 28.
exd5 cxd5 29. Bh3 Raf8 30. Rxf7+ Rxf7 31. Rxf7+ Rg7 32. Rf8 Bg4 33. Bxg4 hxg4
34. Qf2 Qe6 35. Kg3 Rg8 36. Qf7+ Qxf7 37. Rxf7+ Rg7 38. Rxe7 Rxe7 39. Bxe7 Bd2
40. Bb4 Kg7 41. e6 Kf6 42. e7 Kf7 43. Kxg4 Bh6 44. h5 gxh5+ 45. Kxh5 Bg7 46.
Kg5 Bh8 47. Kf5 Ke8 48. Kg6 1-0

[Event "Woerishofen sen 2016"]
[Site "Bad Woerishofen"]
[Date "2016.03.05"]
[Round "9.48"]
[White "Titz, Waldemar"]
[Black "Dombrowe, Eckehard"]
[Result "1/2-1/2"]
[WhiteElo "1725"]
[BlackElo "1793"]
[PlyCount "99"]
[EventDate "2016.02.26"]
[EventType "swiss"]
[EventCountry "GER"]
[WhiteTeam "Rottweil SV"]
[BlackTeam "Nettetal SG"]
[WhiteTeamCountry "GER"]
[BlackTeamCountry "GER"]

1. e4 e5 2. Nf3 d6 3. d4 Nf6 4. Nc3 exd4 5. Nxd4 Be7 6. Be2 O-O 7. O-O Bd7 8.
Be3 Nc6 9. f3 a6 10. a3 h6 11. Nxc6 Bxc6 12. Bc4 Nh7 13. Kh1 Qd7 14. Qd2 Kh8
15. Ne2 f5 16. exf5 Qxf5 17. Nd4 Qd7 18. Ne6 Rf6 19. Nd4 Re8 20. Rae1 Bb5 21.
Bxb5 axb5 22. c3 c5 23. Nc2 Nf8 24. Rd1 Qc8 25. Bf2 Re6 26. Rde1 Bf6 27. Rxe6
Rxe6 28. Re1 Rxe1+ 29. Qxe1 b6 30. Qe2 Qd7 31. Kg1 Ne6 32. Bg3 Nc7 33. Kf1 Kg8
34. Ne3 Kf7 35. Qd3 Be7 36. Nd5 Nxd5 37. Qxd5+ Qe6 38. Qd3 Qc4 39. Ke2 Ke6 40.
Kd2 Qxd3+ 41. Kxd3 Kd5 42. h4 h5 43. Bf2 Ke5 44. Bg3+ Kf5 45. Ke3 d5 46. Bc7
Bxh4 47. Bxb6 Bg5+ 48. Ke2 Bc1 49. Bxc5 Bxb2 50. Bb4 1/2-1/2

[Event "Woerishofen sen 2016"]
[Site "Bad Woerishofen"]
[Date "2016.03.05"]
[Round "9.49"]
[White "Weyand, Fernand"]
[Black "Straesser, Gerda"]
[Result "1/2-1/2"]
[WhiteElo "1788"]
[BlackElo "1696"]
[PlyCount "44"]
[EventDate "2016.02.26"]
[EventType "swiss"]
[EventCountry "GER"]
[WhiteTeam "Saarbruecken SVG"]
[BlackTeam "Rottweil SV"]
[WhiteTeamCountry "GER"]
[BlackTeamCountry "GER"]

1. e4 e6 2. d4 d5 3. Nd2 dxe4 4. Nxe4 Nd7 5. Nf3 Ngf6 6. Bd3 Nxe4 7. Bxe4 Nf6
8. Bg5 Be7 9. Bxf6 Bxf6 10. Qd3 c6 11. O-O g6 12. c3 O-O 13. Rfe1 Bg7 14. Qc2
Qc7 15. Bd3 Bd7 16. Ne5 Rad8 17. a4 c5 18. Nxd7 Rxd7 19. dxc5 Qxc5 20. Re4 Rc7
21. Rc4 Qd6 22. Rxc7 Qxc7 1/2-1/2